• 首页
  • 本馆介绍
  • 公告通知
  • 最新文献
  • 馆藏检索
  • 电子资源
  • 读者导购
  • 参考咨询
  • 我的图书馆
  • 登录
  • 详细信息显示
  • 放入我的书架
  • 预约/预借图书
  • 作者相关作品
  • 分类相关作品
  • 丛书相关作品
  • 出版社相关作品

书目信息

  • 表格格式
  • 工作单格式
  • 卡片格式
题名:
吉他弹唱巨星金曲
    
 
作者: 李廷 著
分册:  
出版信息: 西安   陕西旅游出版社  2000.09
页数: 137页
开本: 26cm
丛书名:
单 册:
中图分类: J623.26
科图分类:
主题词: 六弦琴--奏法
电子资源:
ISBN: 7-5418-1417-2
000 00635nam0 2200229 450
001 002423969
005 20031112144148.0
010    @a7-5418-1417-2@dCNY14.80
100    @a20081125d2000 ekmy0chiy0120 ea
101 0  @achi
102    @aCN@b610000
105    @aag z 000yy
106    @ar
200 1  @a吉他弹唱巨星金曲@AJi Ta Dan Chang Ju Xing Jin Qu@f李廷著@FLi Ting Zhu Bian Zhu
210    @a西安@c陕西旅游出版社@d2000.09
215    @a137页@c图@d26cm
606 0  @a六弦琴@x奏法
690    @aJ623.26@v4
701  0 @a李廷@ALi Ting Zhu@4著
801  0 @aCN@bHTDF@c20081125
905    @aBZT@dJ623.26@e11@f10
906    @dCNY14.80@n0@r1
    
    吉他弹唱巨星金曲/李廷著.-西安:陕西旅游出版社,2000.09
    137页:图;26cm
    
    
    ISBN 7-5418-1417-2:CNY14.80
    
●
相关链接 在五车中查询图书 在当当中查询图书 在豆瓣中查询图书


正题名:吉他弹唱巨星金曲     索取号:J623.26/11         预约/预借

序号 登录号 条形码 馆藏地/架位号 状态 备注
1 704042   2000704042   中心书库中库/ 中库020架B面3列6层4/ [索取号:J623.26/11] 在馆    
2 704043   2000704043   中心书库中库/ 中库020架B面3列6层75/ [索取号:J623.26/11] 在馆    
3 704044   2000704044   中心书库中库/ 中库021架A面3列5层82/ [索取号:J623.26/11] 在馆    
4 704045   2000704045   中心书库中库/ 中库020架B面3列6层81/ [索取号:J623.26/11] 在馆    
5 704046   2000704046   中心书库中库/ 中库020架B面3列6层3/ [索取号:J623.26/11] 在馆    
6 704047   2000704047   中心书库中库/ 中库020架B面3列6层1/ [索取号:J623.26/11] 在馆    
7 704048   2000704048   中心书库中库/ 中库020架B面3列6层5/ [索取号:J623.26/11] 在馆    
8 704049   2000704049   中心书库中库/ 中库020架B面3列6层2/ [索取号:J623.26/11] 在馆    
9 704050   2000704050   中心书库中库/ 中库021架A面3列7层11/ [索取号:J623.26/11] 在馆    
10 704051   2000704051   中心书库中库/ 中库020架B面3列6层83/ [索取号:J623.26/11] 在馆    
山东省滨州职业学院图书馆 欢迎您!
大连网信软件有限公司© 版权所有